Pannekoek y los consejos obreros / (Record no. 52944)

MARC details
000 -LEADER
campo de control de longitud fija 00711cam a2200241Mu 4500
001 - NÚMERO DE CONTROL
campo de control 42845
005 - FECHA Y HORA DE LA ÚLTIMA TRANSACCIÓN
campo de control 20230410120836.0
008 - DATOS DE LONGITUD FIJA--INFORMACIÓN GENERAL
campo de control de longitud fija 871110s1976 sp 000 0 spa d
035 ## - NÚMERO DE CONTROL DEL SISTEMA
Número de control de sistema (OCoLC)ocm77806213
040 ## - FUENTE DE CATALOGACIÓN
Centro catalogador/agencia de origen NeAmISG
Centro/agencia transcriptor NEIGS
Centro/agencia modificador DRFGD
035 ## - NÚMERO DE CONTROL DEL SISTEMA
Número de control de sistema (OCoLC)77806213
050 14 - SIGNATURA TOPOGRÁFICA DE LA BIBLIOTECA DEL CONGRESO
Número de clasificación HX 544
Número de ítem B849p 1976
100 1# - ENTRADA PRINCIPAL--NOMBRE DE PERSONA
Nombre de persona Bricianer, Serge.
245 10 - MENCIÓN DEL TÍTULO
Título Pannekoek y los consejos obreros /
Mención de responsabilidad, etc. Serge Bricianer.
260 ## - PUBLICACIÓN, DISTRIBUCIÓN, ETC.
Lugar de publicación, distribución, etc. Barcelona :
Nombre del editor, distribuidor, etc. Anagrama,
Fecha de publicación, distribución, etc. 1976.
500 ## - NOTA GENERAL
Nota general Traducción de: Pannekoek et les conseils ouvriers.
650 #0 - PUNTO DE ACCESO ADICIONAL DE MATERIA--TÉRMINO DE MATERIA
Término de materia o nombre geográfico como elemento de entrada Communism
Subdivisión general History.
650 #0 - PUNTO DE ACCESO ADICIONAL DE MATERIA--TÉRMINO DE MATERIA
Término de materia o nombre geográfico como elemento de entrada Labor unions and communism.
600 10 - PUNTO DE ACCESO ADICIONAL DE MATERIA--NOMBRE DE PERSONA
Nombre de persona Pannekoek, Anton,
Fechas asociadas al nombre 1873-1960.
942 ## - ELEMENTOS DE ENTRADA SECUNDARIOS (KOHA)
Fuente del sistema de clasificación o colocación Clasificación de Library of Congress
Tipo de ítem Koha
946 ## - PROCESAMIENTO DE INFORMACIÓN LOCAL (OCLC)
a mjcruz
994 ## -
-- C0
-- DRFGD
Holdings
Estatus retirado Estado de pérdida Fuente del sistema de clasificación o colocación Estado de daño No para préstamo Colección Biblioteca de origen Biblioteca actual Ubicación en estantería Fecha de adquisición Serial enumeration / chronology Signatura topográfica completa Código de barras Visto por última vez Copia número Tipo de ítem Koha
    Clasificación de Library of Congress     Ciencias Sociales Biblioteca Juan Bosch Biblioteca Juan Bosch Ciencias Sociales (3er. Piso) 10/04/2023 1 HX 544 B849p 1976 00000043682 24/10/2018 1